000
00298nam a22001217a 4500
008
170228b xxu||||| |||| 00| 0 eng d
041
_a
eng
080
_a
617
100
_a
5
101
_a
SHK
245
_a
SOME POINTS IN THE SURGERY OF THE BRAIN AND ITS MEMBRANES
_c
BALLANCE, CH.A
942
_2
udc
_c
BK
999
_c
6409
_d
6409